[Event "Tradewise Gibraltar Masters 16th"]
[Site "Gibraltar"]
[Date "2018.01.27"]
[Round "5.41"]
[White "Epishin, Vladimir"]
[Black "Melia, Salome"]
[Result "1-0"]
[WhiteElo "2536"]
[BlackElo "2404"]
[PlyCount "119"]
[EventDate "2018.01.23"]
[EventType "swiss"]
[EventRounds "10"]
[EventCountry "GGB"]
[SourceTitle "BritBase"]
[Source "www.saund.co.uk"]
[SourceDate "2018.02.10"]
[SourceVersion "1"]
[SourceVersionDate "2018.02.10"]
[SourceQuality "1"]

1. d4 Nf6 2. Nf3 e6 3. c4 c5 4. e3 cxd4 5. Nxd4 Nc6 6. Be2 d5 7. O-O Bd6 8.
cxd5 exd5 9. b3 O-O 10. Ba3 Ne4 11. Bf3 Ng5 12. Nxc6 bxc6 13. Bxd6 Qxd6 14. Nd2
Ba6 15. Re1 Bd3 16. Rc1 a5 17. Be2 Bxe2 18. Rxe2 Rfe8 19. Nf1 Ne6 20. Rd2 Red8
21. Ng3 Rac8 22. h3 g6 23. Ne4 Qe7 24. Nc3 Qg5 25. Qg4 Qe5 26. Qe2 Qg5 27. Rcd1
h5 28. Na4 Qe5 29. Qe1 Qb8 30. Rd3 Qb5 31. Qd2 Re8 32. Qc1 Qb4 33. Rc3 Qd6 34.
Nc5 Ng5 35. Rd4 Rb8 36. Ra4 Rb5 37. Nd3 Rc8 38. Rc5 Rbb8 39. Raxa5 Ne4 40. Rc2
Rb6 41. b4 g5 42. Qd1 Nf6 43. Qf3 Qe6 44. a3 g4 45. hxg4 Nxg4 46. Qf4 Rbb8 47.
Qg5+ Qg6 48. Qxg6+ fxg6 49. a4 Kh7 50. Rac5 Re8 51. g3 d4 52. exd4 Rbd8 53. d5
cxd5 54. a5 Nf6 55. a6 Ra8 56. b5 Reb8 57. Rc7+ Kh6 58. R2c6 Kg5 59. Ne5 Kf5
60. Nf3 1-0

[Event "Tradewise Gibraltar Masters 16th"]
[Site "Gibraltar"]
[Date "2018.01.27"]
[Round "5.42"]
[White "Swapnil, S. Dhopade"]
[Black "Stark, Lars"]
[Result "1/2-1/2"]
[WhiteElo "2533"]
[BlackElo "2381"]
[PlyCount "100"]
[EventDate "2018.01.23"]
[EventType "swiss"]
[EventRounds "10"]
[EventCountry "GGB"]
[SourceTitle "BritBase"]
[Source "www.saund.co.uk"]
[SourceDate "2018.02.10"]
[SourceVersion "1"]
[SourceVersionDate "2018.02.10"]
[SourceQuality "1"]

1. Nf3 Nf6 2. g3 d5 3. Bg2 g6 4. c4 c6 5. b3 Bg7 6. Bb2 O-O 7. O-O Re8 8. d4
Bf5 9. Nc3 Ne4 10. e3 Nd7 11. Rc1 Ndf6 12. Ne2 Qa5 13. a3 Rac8 14. Nf4 Bg4 15.
b4 Qd8 16. h3 Bxf3 17. Bxf3 e6 18. Be2 a6 19. Kg2 Nd7 20. Bd3 Nef6 21. Ne2 e5
22. cxd5 Nxd5 23. e4 N5f6 24. dxe5 Nxe5 25. Bb1 Qe7 26. Qb3 Ned7 27. Rfe1 Rcd8
28. Rcd1 Nf8 29. f3 Ne6 30. Bc1 Rd7 31. Rxd7 Nxd7 32. f4 Rd8 33. e5 Nb6 34. g4
Qh4 35. Rf1 Nd5 36. f5 Nf8 37. f6 Bh6 38. Qg3 Qxg3+ 39. Nxg3 Bxc1 40. Rxc1 Nd7
41. Ne4 Nxe5 42. Kg3 Nd7 43. g5 h6 44. h4 hxg5 45. hxg5 Re8 46. Kf2 Re5 47. Nd6
Rxg5 48. Nxb7 Ne5 49. Na5 Ng4+ 50. Kf3 Ne5+ 1/2-1/2

[Event "Tradewise Gibraltar Masters 16th"]
[Site "Gibraltar"]
[Date "2018.01.27"]
[Round "5.43"]
[White "Vega Gutierrez, Sabrina"]
[Black "Dzagnidze, Nana"]
[Result "0-1"]
[WhiteElo "2427"]
[BlackElo "2522"]
[PlyCount "78"]
[EventDate "2018.01.23"]
[EventType "swiss"]
[EventRounds "10"]
[EventCountry "GGB"]
[SourceTitle "BritBase"]
[Source "www.saund.co.uk"]
[SourceDate "2018.02.10"]
[SourceVersion "1"]
[SourceVersionDate "2018.02.10"]
[SourceQuality "1"]

1. e4 c5 2. Nf3 e6 3. d3 Nc6 4. g3 Nf6 5. Bg2 Be7 6. O-O d6 7. Re1 O-O 8. c3
Bd7 9. Nbd2 b5 10. b3 a5 11. a4 b4 12. c4 Ng4 13. h3 Bf6 14. Ra2 Nge5 15. Nxe5
Bxe5 16. Nf3 Bc3 17. Rf1 Ra7 18. Be3 e5 19. Nh4 Be6 20. Kh2 Rc7 21. Bf3 g6 22.
Bh6 Re8 23. Bg4 Kh8 24. Bxe6 fxe6 25. Qg4 Rf7 26. Nf3 Nd4 27. Ng5 Rf6 28. f4
Nxb3 29. Qh4 Kg8 30. Raf2 Nd2 31. Rxd2 Bxd2 32. Nxh7 Rxf4 33. Qxd8 Rxd8 34.
gxf4 Kxh7 35. Bg5 Bxf4+ 36. Bxf4 Rf8 37. Kg2 exf4 38. Kf3 g5 39. h4 g4+ 0-1

[Event "Tradewise Gibraltar Masters 16th"]
[Site "Gibraltar"]
[Date "2018.01.27"]
[Round "5.44"]
[White "Praggnanandhaa, R."]
[Black "Mkrtchian, Lilit"]
[Result "1/2-1/2"]
[WhiteElo "2515"]
[BlackElo "2378"]
[PlyCount "110"]
[EventDate "2018.01.23"]
[EventType "swiss"]
[EventRounds "10"]
[EventCountry "GGB"]
[SourceTitle "BritBase"]
[Source "www.saund.co.uk"]
[SourceDate "2018.02.10"]
[SourceVersion "1"]
[SourceVersionDate "2018.02.10"]
[SourceQuality "1"]

1. Nf3 d5 2. g3 c6 3. Bg2 Bg4 4. O-O Nd7 5. h3 Bxf3 6. Bxf3 e5 7. d3 Ngf6 8. e4
dxe4 9. dxe4 Bc5 10. Qe2 O-O 11. a4 a5 12. Nd2 Qc7 13. Bg2 Rfe8 14. Nc4 Nf8 15.
h4 Ne6 16. c3 Bf8 17. Rd1 Rad8 18. Be3 Nc5 19. Rxd8 Rxd8 20. b4 axb4 21. cxb4
Ncd7 22. Rb1 Ne8 23. Qc2 Nd6 24. Nd2 Ra8 25. Bf1 Nb6 26. Ra1 Qd8 27. a5 Nbc8
28. Rd1 Qe8 29. Nb3 Na7 30. Nc5 Nab5 31. Qb3 Qc8 32. f3 Qc7 33. Na4 g6 34. Nb6
Rd8 35. Kg2 Nd4 36. Bxd4 exd4 37. Na4 Bg7 38. Rc1 Kh8 39. Bd3 f5 40. Nc5 fxe4
41. fxe4 Re8 42. Rf1 Qe7 43. Qd1 Nf7 44. h5 gxh5 45. Qxh5 Ne5 46. Rf4 Rb8 47.
Bc2 d3 48. Nxd3 Nxd3 49. Bxd3 Qxb4 50. Rf3 Qd2+ 51. Kh3 Qc1 52. Rf1 Qc3 53. Bb1
Qe5 54. Qxe5 Bxe5 55. Rf7 Ra8 1/2-1/2

[Event "Tradewise Gibraltar Masters 16th"]
[Site "Gibraltar"]
[Date "2018.01.27"]
[Round "5.45"]
[White "Batchimeg, Tuvshintugs"]
[Black "Steinberg, Nitzan"]
[Result "0-1"]
[WhiteElo "2398"]
[BlackElo "2512"]
[PlyCount "128"]
[EventDate "2018.01.23"]
[EventType "swiss"]
[EventRounds "10"]
[EventCountry "GGB"]
[SourceTitle "BritBase"]
[Source "www.saund.co.uk"]
[SourceDate "2018.02.10"]
[SourceVersion "1"]
[SourceVersionDate "2018.02.10"]
[SourceQuality "1"]

1. d4 Nf6 2. Nf3 e6 3. e3 b6 4. Bd3 Bb7 5. O-O d5 6. c4 dxc4 7. Bxc4 a6 8. a3
Nbd7 9. Nc3 b5 10. Ba2 c5 11. Qe2 Rc8 12. Rd1 Qc7 13. Bd2 Bd6 14. h3 O-O 15.
Rac1 Qb8 16. dxc5 Nxc5 17. b4 Ncd7 18. Nb1 Ne4 19. Be1 Ne5 20. Nd4 Rxc1 21.
Rxc1 Qa8 22. f3 Nf6 23. Nc3 Rc8 24. Rd1 Be7 25. Rc1 g6 26. Rc2 Nc4 27. Bxc4
Rxc4 28. Nd1 Rxc2 29. Qxc2 Qd8 30. Bf2 e5 31. Nb3 e4 32. f4 Nd7 33. Nc3 Nb6 34.
Nd4 Qc8 35. Qd2 f5 36. Nde2 Kf7 37. Be1 Bf6 38. Kf2 Nc4 39. Qa2 Qd7 40. Nc1 Bc6
41. a4 Kg7 42. axb5 axb5 43. Qc2 g5 44. N3e2 Qa7 45. Bd2 Be8 46. g3 gxf4 47.
Nxf4 Qa4 48. Nb3 Bf7 49. Bc3 Ne5 50. Nd4 Qxc2+ 51. Nxc2 Nd3+ 52. Nxd3 Bxc3 53.
Nf4 Bc4 54. Ne2 Bb2 55. Ned4 Kf6 56. Nc6 Ke6 57. N2d4+ Kd6 58. Na5 Bxd4 59.
exd4 Bd5 60. Ke3 Ke6 61. Kf4 Kf6 62. h4 Kg6 63. Ke3 Kh5 64. Kf4 h6 0-1

[Event "Tradewise Gibraltar Masters 16th"]
[Site "Gibraltar"]
[Date "2018.01.27"]
[Round "5.46"]
[White "Mohammad, Nubairshah Shaikh"]
[Black "Blomqvist, Erik"]
[Result "1-0"]
[WhiteElo "2380"]
[BlackElo "2502"]
[PlyCount "89"]
[EventDate "2018.01.23"]
[EventType "swiss"]
[EventRounds "10"]
[EventCountry "GGB"]
[SourceTitle "BritBase"]
[Source "www.saund.co.uk"]
[SourceDate "2018.02.10"]
[SourceVersion "1"]
[SourceVersionDate "2018.02.10"]
[SourceQuality "1"]

1. d4 Nf6 2. c4 e6 3. Nc3 d5 4. cxd5 exd5 5. Bg5 c6 6. e3 Be7 7. Bd3 Nbd7 8.
Nf3 Ne4 9. Bf4 Ndf6 10. Ne5 Bf5 11. Qc2 g6 12. O-O O-O 13. Rab1 Re8 14. Rfd1
Rc8 15. f3 Nxc3 16. bxc3 Bxd3 17. Qxd3 b5 18. a4 a6 19. axb5 axb5 20. Ra1 Nd7
21. Ra6 Nxe5 22. Bxe5 Qd7 23. Rda1 Qe6 24. e4 Bf8 25. Re1 Ra8 26. Rxa8 Rxa8 27.
h4 Ra3 28. exd5 Qxd5 29. Qd2 Qd8 30. Qf4 Rxc3 31. Bf6 Qc8 32. Be5 Qf5 33. Qxf5
gxf5 34. Bf6 f4 35. d5 Rc5 36. Re8 Rxd5 37. Be7 Re5 38. Rxf8+ Kg7 39. Bb4 c5
40. Bc3 Kxf8 41. Bxe5 Ke7 42. Kf2 Ke6 43. Bxf4 Kd5 44. Ke3 Kc4 45. Bd6 1-0

[Event "Tradewise Gibraltar Masters 16th"]
[Site "Gibraltar"]
[Date "2018.01.27"]
[Round "5.47"]
[White "Haria, Ravi"]
[Black "Khotenashvili, Bela"]
[Result "1-0"]
[WhiteElo "2374"]
[BlackElo "2486"]
[PlyCount "99"]
[EventDate "2018.01.23"]
[EventType "swiss"]
[EventRounds "10"]
[EventCountry "GGB"]
[SourceTitle "BritBase"]
[Source "www.saund.co.uk"]
[SourceDate "2018.02.10"]
[SourceVersion "1"]
[SourceVersionDate "2018.02.10"]
[SourceQuality "1"]

1. Nf3 d5 2. g3 g6 3. Bg2 Bg7 4. d4 Nf6 5. O-O O-O 6. c4 Nc6 7. Nbd2 a5 8. b3
a4 9. Bb2 a3 10. Bc3 Re8 11. e3 Bg4 12. h3 Bxf3 13. Nxf3 Ne4 14. Be1 e6 15. Rc1
Qe7 16. Nd2 f5 17. Nxe4 dxe4 18. Qd2 Red8 19. Qc3 Bf8 20. Qa1 Nb4 21. Bc3 Bg7
22. Rfd1 c6 23. Bf1 h5 24. h4 Kh7 25. Bxb4 Qxb4 26. c5 Qa5 27. b4 Qc7 28. Bc4
Qe7 29. Qc3 g5 30. hxg5 Kg6 31. Kg2 Kxg5 32. Rh1 Rh8 33. Rh3 Kg6 34. Rch1 Bf6
35. Qb3 e5 36. dxe5 Bxe5 37. Be2 Bb2 38. Rxh5 Rxh5 39. Rxh5 Rd8 40. Rh1 Kg7 41.
b5 cxb5 42. Qxb5 Rd5 43. Qb6 Rxc5 44. Qh6+ Kg8 45. Bd1 Rb5 46. Qg6+ Bg7 47. Ba4
Rb4 48. Rc1 Kh8 49. Rc8+ Bf8 50. Bd7 1-0

[Event "Tradewise Gibraltar Masters 16th"]
[Site "Gibraltar"]
[Date "2018.01.27"]
[Round "5.48"]
[White "Zanan, Evgeny"]
[Black "Bjerre, Jonas Buhl"]
[Result "1-0"]
[WhiteElo "2482"]
[BlackElo "2367"]
[PlyCount "77"]
[EventDate "2018.01.23"]
[EventType "swiss"]
[EventRounds "10"]
[EventCountry "GGB"]
[SourceTitle "BritBase"]
[Source "www.saund.co.uk"]
[SourceDate "2018.02.10"]
[SourceVersion "1"]
[SourceVersionDate "2018.02.10"]
[SourceQuality "1"]

1. d4 Nf6 2. c4 e6 3. Nc3 Bb4 4. e3 O-O 5. Nge2 Re8 6. a3 Bf8 7. Ng3 a5 8. e4
d5 9. e5 Nfd7 10. cxd5 exd5 11. f4 c5 12. dxc5 Nxc5 13. Be3 Nc6 14. Qxd5 Be6
15. Qxd8 Raxd8 16. Kf2 Nb3 17. Rd1 Rxd1 18. Nxd1 Rd8 19. Nc3 Bc5 20. Nge4 Bxe3+
21. Kxe3 Ncd4 22. Be2 Nxe2 23. Nxe2 Bc4 24. Nd6 Bd5 25. Kf2 Nc5 26. Rd1 Bb3 27.
Rd2 Kf8 28. Ke3 g6 29. Ne4 Rxd2 30. Nxd2 Be6 31. Kd4 b6 32. Nc4 Nd7 33. Nc3 Ke7
34. g3 Kd8 35. Nd5 Bxd5 36. Kxd5 Kc7 37. Nd6 Nc5 38. Nxf7 Nd3 39. b3 1-0

[Event "Tradewise Gibraltar Masters 16th"]
[Site "Gibraltar"]
[Date "2018.01.27"]
[Round "5.49"]
[White "Hemant, Sharma (Del)"]
[Black "Almagro Llamas, Pablo"]
[Result "1/2-1/2"]
[WhiteElo "2348"]
[BlackElo "2479"]
[PlyCount "125"]
[EventDate "2018.01.23"]
[EventType "swiss"]
[EventRounds "10"]
[EventCountry "GGB"]
[SourceTitle "BritBase"]
[Source "www.saund.co.uk"]
[SourceDate "2018.02.10"]
[SourceVersion "1"]
[SourceVersionDate "2018.02.10"]
[SourceQuality "1"]

1. e4 c5 2. c4 Nc6 3. Nc3 g6 4. g3 Bg7 5. Bg2 d6 6. d3 e6 7. Nge2 a6 8. Be3 Nd4
9. Qd2 Rb8 10. Rc1 Bd7 11. f4 Ne7 12. Bf2 O-O 13. O-O b5 14. Nxd4 cxd4 15. Ne2
bxc4 16. Nxd4 cxd3 17. Rfd1 e5 18. fxe5 dxe5 19. Nf3 Bb5 20. b3 a5 21. Rc5 a4
22. Nxe5 axb3 23. axb3 Qd6 24. Nf3 Rfd8 25. e5 Qd7 26. Nd4 Ba6 27. Qa5 Rdc8 28.
Rxc8+ Qxc8 29. Be3 Bb7 30. Rxd3 Bxg2 31. Kxg2 Ra8 32. Qb5 Rb8 33. Qa5 Ra8 34.
Qb5 Qg4 35. Nf3 h5 36. h3 Qe4 37. Qc4 Qb7 38. e6 Nf5 39. exf7+ Qxf7 40. Bf2
Qxc4 41. bxc4 Ra2 42. Rd2 Ra3 43. Rc2 Ra6 44. c5 Ne7 45. Rd2 Bf6 46. Rd7 Kf7
47. Bd4 Ra2+ 48. Kg1 Rc2 49. Bxf6 Kxf6 50. Rd6+ Kg7 51. Nd4 Rc3 52. Kf2 Nf5 53.
Nxf5+ gxf5 54. c6 h4 55. gxh4 f4 56. Rd7+ Kh6 57. c7 f3 58. Kg3 Kg6 59. Rd6+
Kh7 60. Rd7+ Kg6 61. Rd6+ Kh7 62. Rd7+ Kg6 63. Rd6+ 1/2-1/2

[Event "Tradewise Gibraltar Masters 16th"]
[Site "Gibraltar"]
[Date "2018.01.27"]
[Round "5.50"]
[White "Kobo, Ori"]
[Black "Blohberger, Felix"]
[Result "1-0"]
[WhiteElo "2477"]
[BlackElo "2367"]
[PlyCount "97"]
[EventDate "2018.01.23"]
[EventType "swiss"]
[EventRounds "10"]
[EventCountry "GGB"]
[SourceTitle "BritBase"]
[Source "www.saund.co.uk"]
[SourceDate "2018.02.10"]
[SourceVersion "1"]
[SourceVersionDate "2018.02.10"]
[SourceQuality "1"]

1. Nf3 d5 2. g3 Bg4 3. Bg2 c6 4. c4 e6 5. O-O Nd7 6. cxd5 exd5 7. h3 Bh5 8. d3
Ngf6 9. Nc3 Bc5 10. Qb3 Bb6 11. Na4 Bxf3 12. Bxf3 O-O 13. Nxb6 axb6 14. e3 Nc5
15. Qc2 Qd7 16. Bg2 Rfe8 17. b3 Qf5 18. Rd1 Ne6 19. Kh2 h5 20. Bb2 Qg6 21. Qd2
Qh6 22. b4 h4 23. g4 d4 24. Bxd4 Nxd4 25. exd4 Qxd2 26. Rxd2 Red8 27. b5 cxb5
28. Bxb7 Ra7 29. Bc6 b4 30. Rc1 Rxd4 31. Bg2 Nd5 32. Rc8+ Kh7 33. Rd8 Ra5 34.
f4 Kg6 35. Rc2 f6 36. Be4+ Rxe4 37. f5+ Kg5 38. dxe4 Nf4 39. Rd7 Ra3 40. Rxg7+
Kh6 41. Rg8 Rxh3+ 42. Kg1 Rg3+ 43. Kf1 h3 44. Rc7 Rf3+ 45. Ke1 Nd3+ 46. Ke2 Ne5
47. g5+ Kh5 48. Rh7+ Kg4 49. gxf6+ 1-0

[Event "Tradewise Gibraltar Masters 16th"]
[Site "Gibraltar"]
[Date "2018.01.27"]
[Round "5.51"]
[White "Salomon, Johan"]
[Black "Paehtz, Thomas"]
[Result "0-1"]
[WhiteElo "2476"]
[BlackElo "2356"]
[PlyCount "64"]
[EventDate "2018.01.23"]
[EventType "swiss"]
[EventRounds "10"]
[EventCountry "GGB"]
[SourceTitle "BritBase"]
[Source "www.saund.co.uk"]
[SourceDate "2018.02.10"]
[SourceVersion "1"]
[SourceVersionDate "2018.02.10"]
[SourceQuality "1"]

1. Nf3 d5 2. d4 Nf6 3. c4 c6 4. g3 g6 5. Bg2 dxc4 6. O-O Ne4 7. Qc2 Nd6 8. Nbd2
Bg7 9. Nxc4 O-O 10. Ncd2 a5 11. a4 Na6 12. e4 Nb4 13. Qc3 Bg4 14. Ne5 c5 15.
dxc5 Be2 16. Re1 Bxe5 17. Qb3 Bd3 18. cxd6 Nc2 19. Nc4 Nxe1 20. Nxe5 Qxd6 21.
Bf4 Nxg2 22. Nxf7 Qb4 23. Nh6+ Kg7 24. Be5+ Kxh6 25. Qxd3 Rad8 26. Qe2 Qd2 27.
Qf1 Qg5 28. Qb5 Qg4 29. Kxg2 Qxe4+ 30. Kg1 Rd5 31. Bf4+ Rxf4 32. Qf1 Rf7 0-1

[Event "Tradewise Gibraltar Masters 16th"]
[Site "Gibraltar"]
[Date "2018.01.27"]
[Round "5.52"]
[White "Tejaswini, Sagar"]
[Black "Paehtz, Elisabeth"]
[Result "0-1"]
[WhiteElo "2081"]
[BlackElo "2464"]
[PlyCount "84"]
[EventDate "2018.01.23"]
[EventType "swiss"]
[EventRounds "10"]
[EventCountry "GGB"]
[SourceTitle "BritBase"]
[Source "www.saund.co.uk"]
[SourceDate "2018.02.10"]
[SourceVersion "1"]
[SourceVersionDate "2018.02.10"]
[SourceQuality "1"]

1. e4 e6 2. d4 d5 3. Nd2 Be7 4. e5 c5 5. Qg4 Kf8 6. dxc5 Nc6 7. Ngf3 h5 8. Qg3
Nh6 9. Nb3 Nf5 10. Qf4 f6 11. exf6 Bxf6 12. c3 e5 13. Qd2 a5 14. a4 e4 15. Nfd4
Ncxd4 16. Nxd4 Bxd4 17. cxd4 Qf6 18. b3 Qxd4 19. Bb2 Qxd2+ 20. Kxd2 Be6 21. Rc1
Kf7 22. Bb5 Rhd8 23. Rhe1 Bd7 24. Be5 Bc6 25. Bxc6 bxc6 26. h3 Ra7 27. Kc3 Rb7
28. Rcd1 Re8 29. f4 h4 30. Rb1 Rb4 31. Kc2 Rxe5 32. fxe5 Ke6 33. Rf1 Ne3+ 34.
Kb2 Nxf1 35. Rxf1 e3 36. Kc2 Rd4 37. Re1 Rd2+ 38. Kc3 d4+ 39. Kc4 Kxe5 40. b4
Rc2+ 41. Kd3 Rc3+ 42. Ke2 axb4 0-1

[Event "Tradewise Gibraltar Masters 16th"]
[Site "Gibraltar"]
[Date "2018.01.27"]
[Round "5.53"]
[White "Anton Guijarro, David"]
[Black "De Francesco, Klaus"]
[Result "1/2-1/2"]
[WhiteElo "2666"]
[BlackElo "2287"]
[PlyCount "150"]
[EventDate "2018.01.23"]
[EventType "swiss"]
[EventRounds "10"]
[EventCountry "GGB"]
[SourceTitle "BritBase"]
[Source "www.saund.co.uk"]
[SourceDate "2018.02.10"]
[SourceVersion "1"]
[SourceVersionDate "2018.02.10"]
[SourceQuality "1"]

1. Nf3 d5 2. b3 Nf6 3. Bb2 g6 4. c4 dxc4 5. bxc4 Bg7 6. g3 O-O 7. Bg2 c5 8. O-O
Nc6 9. d3 Bd7 10. Ne5 Rc8 11. a4 Nxe5 12. Bxe5 Bc6 13. Qb3 Bxg2 14. Kxg2 Qd7
15. Qb2 Ne8 16. Bxg7 Nxg7 17. Nc3 Rc6 18. Nd5 Nf5 19. Rfb1 Rb8 20. Qe5 Re8 21.
Rb2 f6 22. Qc3 Kg7 23. Rab1 Rb8 24. a5 Nd4 25. e3 Ne6 26. h4 Nc7 27. Kg1 Nxd5
28. cxd5 Rc7 29. Qc4 Qd6 30. e4 Kf7 31. Rb6 axb6 32. Rxb6 Kg7 33. Rxd6 exd6 34.
Qb5 Rd8 35. Kg2 Rcd7 36. f4 h5 37. Kh3 Rc7 38. Qb2 Re8 39. Qb6 Rd7 40. Qb5 Red8
41. Kg2 Rc7 42. Kf3 Rdc8 43. Kg2 Rd8 44. Kh3 Re7 45. Qb6 Rdd7 46. g4 hxg4+ 47.
Kxg4 Re8 48. Qb5 Rde7 49. Qb6 Rd7 50. Qb2 Kf7 51. Qb5 Rde7 52. a6 bxa6 53. Qxa6
Rd8 54. Qb6 Red7 55. Qc6 Re7 56. h5 gxh5+ 57. Kxh5 Rdd7 58. Kg4 Rd8 59. Kf5
Red7 60. Qb5 Ke7 61. Qb2 Rf8 62. Qh2 Rf7 63. Qh6 Rd8 64. Qg6 Rff8 65. Qg2 Rg8
66. Qb2 Rgf8 67. Qa1 Rd7 68. Qg1 Rdd8 69. Qg6 Rde8 70. Qg2 Rd8 71. Qb2 Rb8 72.
Qc3 Rb7 73. Qa3 Rd7 74. Qa6 Rdd8 75. Qb6 Rd7 1/2-1/2

[Event "Tradewise Gibraltar Masters 16th"]
[Site "Gibraltar"]
[Date "2018.01.27"]
[Round "5.54"]
[White "Iturrizaga Bonelli, Eduardo"]
[Black "Tate, Alan"]
[Result "1-0"]
[WhiteElo "2650"]
[BlackElo "2358"]
[PlyCount "71"]
[EventDate "2018.01.23"]
[EventType "swiss"]
[EventRounds "10"]
[EventCountry "GGB"]
[SourceTitle "BritBase"]
[Source "www.saund.co.uk"]
[SourceDate "2018.02.10"]
[SourceVersion "1"]
[SourceVersionDate "2018.02.10"]
[SourceQuality "1"]

1. c4 c6 2. Nf3 d5 3. d4 Nf6 4. Nc3 e6 5. Bg5 h6 6. Bh4 dxc4 7. e4 g5 8. Bg3 b5
9. Be2 Bg7 10. e5 Nh5 11. a4 a6 12. Ne4 O-O 13. Nfxg5 Nxg3 14. hxg3 hxg5 15.
Qc2 f5 16. exf6 Rxf6 17. Nxf6+ Qxf6 18. Qh7+ Kf8 19. Ra3 Qxd4 20. O-O Nd7 21.
Rd1 Qxb2 22. Rf3+ Ke7 23. Qg8 Bf6 24. Re3 Ne5 25. Rxe5 Qxe5 26. Bh5 Qd5 27.
Qf7+ Kd6 28. Qxf6 Bd7 29. Bf3 b4 30. Qxg5 Rf8 31. Bxd5 cxd5 32. Qe3 b3 33. Qb6+
Ke7 34. f4 Rc8 35. Kf2 Kf7 36. Rh1 1-0

[Event "Tradewise Gibraltar Masters 16th"]
[Site "Gibraltar"]
[Date "2018.01.27"]
[Round "5.55"]
[White "Banusz, Tamas"]
[Black "Perez Garcia, Alejandro"]
[Result "1-0"]
[WhiteElo "2641"]
[BlackElo "2357"]
[PlyCount "87"]
[EventDate "2018.01.23"]
[EventType "swiss"]
[EventRounds "10"]
[EventCountry "GGB"]
[SourceTitle "BritBase"]
[Source "www.saund.co.uk"]
[SourceDate "2018.02.10"]
[SourceVersion "1"]
[SourceVersionDate "2018.02.10"]
[SourceQuality "1"]

1. Nf3 d5 2. g3 Bg4 3. Bg2 c6 4. O-O e6 5. h3 Bh5 6. d4 Nf6 7. c4 Nbd7 8. cxd5
cxd5 9. Nc3 Bd6 10. Qb3 Qb6 11. Qxb6 Nxb6 12. g4 Bg6 13. Nb5 Bb8 14. Ne5 Ne4
15. Bf4 a6 16. Nxg6 axb5 17. Bxb8 hxg6 18. Bf4 Kd7 19. f3 Nd6 20. Rfc1 Rhc8 21.
b3 b4 22. Rc5 Ra3 23. Rxc8 Nbxc8 24. Bd2 Ra6 25. Bxb4 Rc6 26. e3 Ne7 27. Bf1 f6
28. h4 e5 29. dxe5 fxe5 30. Rd1 Ke6 31. Rd2 Rc1 32. Kf2 Nc6 33. Bxd6 Kxd6 34.
Bc4 Ne7 35. Bxd5 Nxd5 36. e4 Rc5 37. Rxd5+ Rxd5 38. exd5 Kxd5 39. Ke3 Kc5 40.
a3 Kd5 41. Kd3 b6 42. a4 Kc5 43. Kc3 Kd5 44. b4 1-0

[Event "Tradewise Gibraltar Masters 16th"]
[Site "Gibraltar"]
[Date "2018.01.27"]
[Round "5.56"]
[White "Georgiev, Kiril"]
[Black "Gara, Anita"]
[Result "1-0"]
[WhiteElo "2623"]
[BlackElo "2350"]
[PlyCount "73"]
[EventDate "2018.01.23"]
[EventType "swiss"]
[EventRounds "10"]
[EventCountry "GGB"]
[SourceTitle "BritBase"]
[Source "www.saund.co.uk"]
[SourceDate "2018.02.10"]
[SourceVersion "1"]
[SourceVersionDate "2018.02.10"]
[SourceQuality "1"]

1. Nf3 Nf6 2. g3 g6 3. b3 Bg7 4. Bb2 d6 5. d4 O-O 6. Bg2 c5 7. O-O cxd4 8. Nxd4
d5 9. c4 dxc4 10. bxc4 Qb6 11. Qc1 Nc6 12. Nxc6 bxc6 13. Nd2 Bg4 14. Re1 Rac8
15. Bc3 Qa6 16. Rb1 Be6 17. Rb3 Nd7 18. Ra3 Qb6 19. Bxg7 Kxg7 20. Qc3+ Kg8 21.
Rb1 Qc7 22. Ra5 Nb6 23. Ra6 Rfd8 24. h4 Rd7 25. h5 Rcd8 26. Ne4 Rd4 27. Qa5
R8d7 28. c5 Na4 29. Qxc7 Rxc7 30. h6 f6 31. Rb8+ Bc8 32. e3 Rc4 33. Nd6 exd6
34. cxd6 Rd7 35. Rxc8+ Kf7 36. Raxc6 Rb4 37. Bd5# 1-0

[Event "Tradewise Gibraltar Masters 16th"]
[Site "Gibraltar"]
[Date "2018.01.27"]
[Round "5.57"]
[White "Huschenbeth, Niclas"]
[Black "Renman, Nils-Gustaf"]
[Result "1-0"]
[WhiteElo "2587"]
[BlackElo "2350"]
[PlyCount "89"]
[EventDate "2018.01.23"]
[EventType "swiss"]
[EventRounds "10"]
[EventCountry "GGB"]
[SourceTitle "BritBase"]
[Source "www.saund.co.uk"]
[SourceDate "2018.02.10"]
[SourceVersion "1"]
[SourceVersionDate "2018.02.10"]
[SourceQuality "1"]

1. e4 e6 2. d4 d5 3. Nc3 dxe4 4. Nxe4 Bd7 5. Nf3 Bc6 6. Bd3 Nd7 7. O-O Be7 8.
Re1 Ngf6 9. Ned2 O-O 10. Nc4 Bxf3 11. Qxf3 c5 12. Be3 Nd5 13. Rad1 Qc7 14. c3
Rad8 15. Bc1 cxd4 16. cxd4 g6 17. Bh6 Rfe8 18. Rc1 Qb8 19. Be4 N7b6 20. Ne5 f5
21. Bc2 Rc8 22. Bb3 Qd6 23. Rcd1 Bf6 24. Qg3 Bg7 25. Bg5 Nf6 26. Bxf6 Bxf6 27.
Ng4 Qxg3 28. Nxf6+ Kf7 29. Nxe8 Qb8 30. Bxe6+ Kxe8 31. Bxc8+ Kf8 32. Be6 Qd8
33. Bb3 Nc8 34. Re6 Nd6 35. g3 f4 36. d5 Kg7 37. Rd4 g5 38. Rd1 Qc7 39. Rde1
Qc5 40. Re7+ Kf8 41. Rxh7 Nf5 42. d6 Nxd6 43. Rd7 b5 44. Rd8+ Kg7 45. Re7+ 1-0

[Event "Tradewise Gibraltar Masters 16th"]
[Site "Gibraltar"]
[Date "2018.01.27"]
[Round "5.58"]
[White "Jessel, Stephen"]
[Black "Kaidanov, Gregory"]
[Result "0-1"]
[WhiteElo "2342"]
[BlackElo "2548"]
[PlyCount "146"]
[EventDate "2018.01.23"]
[EventType "swiss"]
[EventRounds "10"]
[EventCountry "GGB"]
[SourceTitle "BritBase"]
[Source "www.saund.co.uk"]
[SourceDate "2018.02.10"]
[SourceVersion "1"]
[SourceVersionDate "2018.02.10"]
[SourceQuality "1"]

1. Nf3 d5 2. c4 d4 3. b4 Bg4 4. d3 Bxf3 5. exf3 e5 6. a3 a5 7. b5 Bd6 8. g3 Nd7
9. Bg2 Nc5 10. O-O Ne7 11. a4 Rb8 12. Ba3 Ne6 13. Bb2 h5 14. Nd2 h4 15. Re1
hxg3 16. hxg3 Ng6 17. c5 Bxc5 18. f4 exf4 19. Qg4 Rh6 20. Nf3 Qf6 21. Re4 Ne7
22. Rae1 fxg3 23. fxg3 Qg6 24. Qxg6 Rxg6 25. g4 Rd8 26. Nh4 Rf6 27. Nf3 Kf8 28.
Bc1 Bb4 29. R1e2 Nd5 30. Ng5 Nc3 31. Nxe6+ fxe6 32. Bg5 Nxe4 33. Bxe4 b6 34.
Rh2 Kg8 35. Bxf6 gxf6 36. Rh6 Rf8 37. Kg2 Bd2 38. Rh2 Bf4 39. Rh5 Rf7 40. Kf3
Bd6 41. Rh6 f5 42. gxf5 exf5 43. Bd5 Kg7 44. Rh4 Re7 45. Rxd4 Bc5 46. Rf4 Kf6
47. d4 Bd6 48. Rh4 Re1 49. Kf2 Rb1 50. Rh3 Rb2+ 51. Kf1 Rb4 52. Bb3 Rxd4 53.
Ke2 Kg5 54. Rd3 Rh4 55. Bd1 Bc5 56. Kf3 Rh3+ 57. Ke2 Rh2+ 58. Kf3 Rf2+ 59. Kg3
f4+ 60. Kh3 Kf5 61. Rf3 Rd2 62. Rf1 Ra2 63. Bb3 Rb2 64. Bd1 Bd6 65. Bg4+ Kg5
66. Bf3 Ra2 67. Rg1+ Kf5 68. Bg4+ Ke4 69. Re1+ Kd4 70. Bd1 Kc3 71. Kg4 Ra1 72.
Rf1 Kd2 73. Be2 Rxa4 0-1